000 00451cam a2200193ua 4500
001 3973
005 20260515113749.0
008 111212n ii |||gr||||Z||||||asm
040 _cMAIN
082 _a891.4511
100 1 _aSrutikar, Binapani,
245 1 1 _aSomonnoy
_cby Binapani Srutikar
250 _a1st.
260 _aNaharkatia:
_bManuj Srutikar,992.
300 _a69p:
_c23cm.
653 _aAssamese poem
653 _aSomonnoy
942 _cBK
999 _c3793
_d3793